History of economic thought Rev Ed 4 (Record no. 142223)

MARC details
000 -LEADER
fixed length control field 00661nam a2200265Ia 4500
003 - CONTROL NUMBER IDENTIFIER
control field OSt
005 - DATE AND TIME OF LATEST TRANSACTION
control field 20250619115338.0
008 - FIXED-LENGTH DATA ELEMENTS--GENERAL INFORMATION
fixed length control field 210210b2009 xxu||||| |||| 00| 0 eng d
020 ## - INTERNATIONAL STANDARD BOOK NUMBER
International Standard Book Number 9780706986341
040 ## - CATALOGING SOURCE
Transcribing agency AL
041 ## - LANGUAGE CODE
Language code of text/sound track or separate title eng
082 ## - DEWEY DECIMAL CLASSIFICATION NUMBER
Classification number 330.15 BHAH
100 ## - MAIN ENTRY--PERSONAL NAME
Personal name Bhatia, H L
9 (RLIN) 215517
245 ## - TITLE STATEMENT
Title History of economic thought Rev Ed 4
250 ## - EDITION STATEMENT
Edition statement 4
260 ## - PUBLICATION, DISTRIBUTION, ETC.
Place of publication, distribution, etc. New Delhi
Name of publisher, distributor, etc. Vikas Publishing House Pvt Ltd.,
Date of publication, distribution, etc. 2009
300 ## - PHYSICAL DESCRIPTION
Extent xii,506
650 ## - SUBJECT ADDED ENTRY--TOPICAL TERM
Topical term or geographic name entry element thought
9 (RLIN) 215518
650 ## - SUBJECT ADDED ENTRY--TOPICAL TERM
Topical term or geographic name entry element of
9 (RLIN) 215519
650 ## - SUBJECT ADDED ENTRY--TOPICAL TERM
Topical term or geographic name entry element History
9 (RLIN) 215520
650 ## - SUBJECT ADDED ENTRY--TOPICAL TERM
Topical term or geographic name entry element economic
9 (RLIN) 215521
690 ## - LOCAL SUBJECT ADDED ENTRY--TOPICAL TERM (OCLC, RLIN)
Topical term or geographic name as entry element Economic Thought
9 (RLIN) 215522
906 ## - LOCAL DATA ELEMENT F, LDF (RLIN)
a 065132
942 ## - ADDED ENTRY ELEMENTS (KOHA)
Source of classification or shelving scheme Dewey Decimal Classification
Koha item type Book
Holdings
Withdrawn status Lost status Source of classification or shelving scheme Damaged status Not for loan Collection code Home library Current library Shelving location Date acquired Source of acquisition Cost, normal purchase price Total Checkouts Full call number Barcode Date last seen Price effective from Koha item type
    Dewey Decimal Classification     Economics St Aloysius Library St Aloysius Library Stack Section 02/17/2021 Knowledge World, Bangalore-18 350.00   330.15 BHAH 065132 02/17/2021 02/17/2021 Book